| 000 | 00578nam a2200217Ia 4500 | ||
|---|---|---|---|
| 005 | 20250326144410.0 | ||
| 008 | 250326s9999 xx 000 0 und d | ||
| 020 | _a978-0-415-43189-7 | ||
| 037 | _aTextbook | ||
| 040 |
_aFMSL _beng _cFMSL |
||
| 041 |
_aeng _2eng |
||
| 084 |
_aX:935 P9 _qFMSL |
||
| 100 |
_aWhite G _9124649 |
||
| 245 | 0 |
_aReward management _cWhite G; Druker J |
|
| 260 |
_aLondon _bLondon, Routledge _c2009 |
||
| 300 | _a270p | ||
| 365 | _b2020.4414999999999 | ||
| 650 | _aManagement | ||
| 942 |
_cTB _hX:935 P9 |
||
| 999 |
_c1303564 _d1303564 |
||